<?xml version="1.0" encoding="UTF-8"?>
<marc:record xmlns:marc="http://www.loc.gov/MARC21/slim">
   <marc:leader>00000nam a2200000 a 4500</marc:leader>
   <marc:datafield ind1="1" ind2=" " tag="100">
      <marc:subfield code="a">Chase, Eve</marc:subfield>
      <marc:subfield code="4">aut</marc:subfield>
      <marc:subfield code="e">Verfasser/-in</marc:subfield>
   </marc:datafield>
   <marc:datafield ind1="1" ind2=" " tag="100">
      <marc:subfield code="a">Müller, Carolin</marc:subfield>
      <marc:subfield code="4">trl</marc:subfield>
      <marc:subfield code="e">Übersetzer/-in</marc:subfield>
   </marc:datafield>
   <marc:datafield ind1=" " ind2=" " tag="653">
      <marc:subfield code="a">Englische Literatur</marc:subfield>
   </marc:datafield>
   <marc:datafield ind1="0" ind2="0" tag="245">
      <marc:subfield code="a">Black Rabbit Hall</marc:subfield>
   </marc:datafield>
   <marc:datafield ind1="0" ind2="0" tag="245">
      <marc:subfield code="b">Roman ; eine Familie, ein Geheimnis, ein Sommer, der alles verändert</marc:subfield>
   </marc:datafield>
   <marc:datafield ind1="0" ind2="0" tag="245">
      <marc:subfield code="c">Eve Chase. Carolin Müller</marc:subfield>
   </marc:datafield>
   <marc:datafield ind1=" " ind2="1" tag="264">
      <marc:subfield code="a">München</marc:subfield>
      <marc:subfield code="b">Blanvalet</marc:subfield>
      <marc:subfield code="c">2016</marc:subfield>
   </marc:datafield>
   <marc:datafield ind1=" " ind2=" " tag="250">
      <marc:subfield code="a">1. Aufl.</marc:subfield>
   </marc:datafield>
   <marc:datafield ind1="1" ind2=" " tag="520">
      <marc:subfield code="a">Angaben aus der Verlagsmeldung &lt;br/&gt;&lt;br/&gt; &lt;br/&gt;&lt;br/&gt;  Black Rabbit Hall - Eine Familie. Ein Geheimnis. Ein Sommer, der alles verändert. - : Roman Black Rabbit Hall - / von Eve Chase &lt;br/&gt;&lt;br/&gt; &lt;br/&gt;Amber Alton weiß, dass die Stunden auf Black Rabbit Hall, dem Sommersitz ihrer Familie, anders vergehen, ihren eigenen Takt haben. Es ist ruhig und idyllisch. Bis zu einem stürmischen Abend 1968. Vereint durch eine unfassbare Tragödie, müssen sich die vier Alton-Geschwister mehr denn je aufeinander verlassen. Doch schon bald wird diese Verbundenheit auf eine harte Probe gestellt. Jahrzehnte später fahren Lorna Smith und ihr Verlobter Jon auf der Suche nach einem Ort für ihre Hochzeitsfeier durch die wilde Landschaft Cornwalls  und stoßen auf ein altes, leicht verfallenes, aber wunderschönes Haus. Ein Haus, das Lorna nach und nach seine schönsten Geschichten und traurigsten Momente verrät.</marc:subfield>
   </marc:datafield>
   <marc:datafield ind1=" " ind2=" " tag="020">
      <marc:subfield code="a">9783764505608</marc:subfield>
      <marc:subfield code="9">9783764505608</marc:subfield>
   </marc:datafield>
   <marc:datafield ind1=" " ind2=" " tag="041">
      <marc:subfield code="a">ger</marc:subfield>
   </marc:datafield>
   <marc:datafield ind1=" " ind2=" " tag="300">
      <marc:subfield code="a">411 S.</marc:subfield>
   </marc:datafield>
</marc:record>
